| 000 | 00758nam a22002417a 4500 | ||
|---|---|---|---|
| 008 | 131111b xxu||||| |||| 00| 0 eng d | ||
| 020 | _a81-7024-494-3 | ||
| 024 | _cAvailable | ||
| 037 | _cAvailable | ||
| 040 |
_aMBSTU LIBRARY _dMBSTU LIBRARY |
||
| 082 |
_222 _a363.739 GHE |
||
| 100 | _aGhosh, G.K. | ||
| 245 | _aEnvironmental pollution (a scientific dimension). | ||
| 260 |
_aNew Delhi _bAshish Pub. House. _c1992 |
||
| 300 |
_a23 cm. _b250 page _f1 _g23 cm. |
||
| 600 | _2Pollution of specific enviroment. | ||
| 650 | _2Pollution of specific enviroment. | ||
| 700 | _aGhosh, G.K. | ||
| 270 |
_aNew Delhi _bNew Delhi _dIndia |
||
| 365 |
_b420.00 _d420.00 |
||
| 942 |
_2ddc _cBK |
||
| 999 |
_c816 _d816 |
||